000 00410 a2200157 4500
999 _c9098
_d9098
020 _a0869227734
050 _aPR9390.9 HEN 2003
100 _aHenson P.
_eAuthor
245 _aCase closed
_bA detective story set in Zimbabwe
264 _aGweru
_bMambo Press
_c2003
300 _a150p.
500 _aIncludes glossary
650 _aLiterature
700 _aP. Henson
_eAuthor
942 _2lcc
_cBK
_h9390.9
_iHEN
_kPR